Nedeľa týždenník

Bibliographic Details
Other Authors: Chudý, Martin (Iso)
Format: Newspaper
Language:Slovak
PhysicalDescription:1 zv. 41 cm
Published: Krupina Demokratická strana 1945
Subjects:

MARC

LEADER 00000cas a2200000 a 4500
001 vtls010301717
003 SK-MaSNL
005 20260228163253.0
008 110810d19451945xo wr|ne 0 b0slo
040 |a SNK  |b slo  |c SNK  |e AACR2 
041 0 |a slo 
044 |a xo  |c SK 
072 7 |a 316.7  |x Sociológia kultúry. Kultúrny život  |2 konspekt 
080 |a 316.728  |2 2011 
080 |a 316.7  |2 2011 
080 |a 050  |2 2001 
080 |a (051.062)  |2 2011 
245 0 0 |a Nedeľa  |b týždenník 
260 |a Krupina  |b Demokratická strana  |c 1945 
300 |a 1 zv.  |c 41 cm 
310 |a 1x týždenne 
362 0 |a Č. 1 (10.6.1945)-č. 6 (15.6.1945) 
500 |a Zmena podnázvu: od 5/1945: týždenník pre život, kultúru, poučenie a zábavu 
500 |a Zodp. red.: Martin Chudý 
500 |a Tlač.: Kaizerova kníhtlačiareň v Krupine 
650 0 7 |a spoločenský život  |2 SNKPH  |9 28654 
650 0 7 |a kultúra  |2 SNKPH  |9 886 
655 7 |a populárno-náučné časopisy  |2 SNKPH  |9 70770 
700 1 |a Chudý, Martin  |4 Iso  |9 273535 
910 |a snk 
999 |c 9130  |d 11060 
952 |0 0  |1 0  |4 0  |7 0  |a SNK  |b SNK  |d 1998-08-26  |l 0  |o snkČSA 764/1945  |p 17A0155352  |r 2005-01-02 00:00:00  |t č. 1-6  |w 2026-02-21  |y PREZ